Health and healing in yoga / (Record no. 148038)

MARC details
000 -LEADER
fixed length control field 00536nam a22001937a 4500
005 - DATE AND TIME OF LATEST TRANSACTION
control field 20171218143846.0
010 ## - LCCN (DPL NO)
LC control number ENG-121897
020 ## - INTERNATIONAL STANDARD BOOK NUMBER
International Standard Book Number 9789383381647
Terms of availability 980.00
035 ## - SYSTEM CONTROL NUMBER
System control number EN-105429
037 ## - SOURCE OF ACQUISITION
Source of stock number/acquisition DBAD/PUB
082 ## - DEWEY DECIMAL CLASSIFICATION NUMBER
Classification number 181.432
100 ## - MAIN ENTRY--PERSONAL NAME
Personal name Trehan, Seema
245 ## - TITLE STATEMENT
Title Health and healing in yoga /
Statement of responsibility, etc by Seema Trehan
260 ## - PUBLICATION, DISTRIBUTION, ETC. (IMPRINT)
Place of publication, distribution, etc Delhi
Name of publisher, distributor, etc Aadi Books
Date of publication, distribution, etc 2016
270 ## - ADDRESS
Address 23/4, Shakti Nagar
City Delhi
Postal code 110007
300 ## - PHYSICAL DESCRIPTION
Extent viii,240p.
Dimensions 22cm(Hb)
500 ## - GENERAL NOTE
General note Includes index
942 ## - ADDED ENTRY ELEMENTS (KOHA)
Source of classification or shelving scheme Dewey Decimal Classification
Item type English Books
Classification part 181.432
Call number suffix TRE
Holdings
Withdrawn status Lost status Not for loan Collection code Home library Current library Date acquired Source of acquisition Cost, normal purchase price Full call number Barcode Copy number Cost, replacement price Koha item type
      Non-fiction Narela Narela 18/12/2017 DBAD/PUB 980.00 181.432 TRE EN-105429 1 980.00 English Books

© Delhi Public Library
Hit Counter
free hit counter